Tilastot visalle Suomalaisia vuosilukuja

Klikkaa tästä pelataksesi tätä visaa!

Yleistilastot

  • Tätä visaa on pelattu 234 kertaa
    (230 viimeisimmän päivityksen jälkeen)
  • Keskiarvotulos 6 / 13

Vastaustilastot

HintAnswer% Oikein
1952Helsingissä järjestettiin _____________Olympialaiset
97%
1945Mika Waltari julkaisi historiallisen romaanin, ________________Sinuhe Egyptiläinen
76%
1995Tangokuninkaaksi valittiin ____________Jari Sillanpää
66%
n.1156Lalli surmasi Piispa Henrikin ____________ jäälläKöyliönjärven
51%
1899Taiteilija _____________ maalasi teoksen "Kullervon kirous"Akseli Gallen-Kallela
43%
1835__________ julkaistiinKalevala
39%
1995Päävalmentaja ___________ valmensi Leijonat ensimmäiseen maailmanmestaruuteenCurt Lindström
38%
1962Alvar Aalto suunnitteli Helsinkiin __________, joka valmistui lopulta vuonna 1972Finlandia-talon
31%
1970____________ järjestettiin ensimmäistä kertaa, ja kävijämäärä kohosi 38 000:een.Ruisrock
30%
2002___________ voitti kolme kultamitalia Salt Lake Cityn olympialaisissaSamppa Lajunen
26%
2000___________valittiin ensimmäisenä eurooppalaisena NHL-joukkueen päävalmentajaksiAlpo Suhonen
23%
1985Visailuohjelma ____________ aloitti televisiossa MTV-kanavalla.Kymppitonni
23%
1987Suomea edusti euroviisuissa ____________Virve Rosti
14%

Tulosjakauma

Persentiili vastausten määrän mukaan

Jokaisen tuloksen saaneiden osuus

Tuloshistoriasi

Et ole pelannut tätä visaa sen viimeisimmän päivityksen jälkeen